Розата и камата (Запис номер 204584)
[ съкратено ]
| 000 -Лидер | |
|---|---|
| Контролно поле с фиксирана дължина | 01185nam a2200289 a 4500 |
| 003 - Код на организацията, давaща контролен номер | |
| Контролно поле | BLK |
| 005 - Дата и час на последна редакция | |
| Контролно поле | 20230619162605.0 |
| 008 - Елементи от данни с фиксирана дължина | |
| fixed length control field | 180411b bul|||||r ||||||| ||bul|| |
| 020 ## - Международен стандартен номер на книга ISBN | |
| Международен стандартен номер на книга ISBN | 9789542824480 |
| 040 ## - Източник на каталожния запис | |
| Идентификатор на билиотеката - собственик на записа | BLK |
| 041 ## - Код за език | |
| Код за езика на текст/звукозапис или на отделно заглавие | Български |
| Код за езика КДБФ | Български |
| 080 ## - УДК | |
| Текстов определител УДК | Американска литература (на САЩ) |
| УДК код - определител по УДК | 821.111(73) |
| УДК определител | -31 |
| УДК - код + определител | 821.111(73)-31 |
| 100 1# - Редна дума - Автор | |
| Автор | Ахдие, Рене |
| Авторска отговорност | първи автор |
| R(LIN) | 34860 |
| 139 ## - Редно поле | |
| Редна дума | Ахдие, Рене |
| Авторски знак | Ах - А 95 |
| 245 10 - Сведения за заглавието | |
| Заглавие | Розата и камата |
| Подзаглавни данни | Роман |
| Редно поле (дума) | Рене Ахдие; Прев. от англ. Христо Димитров. |
| 257 ## - Страна на издаване | |
| Страна на създаване/издаване | Съединени американски щати |
| 260 ## - Област на издателските данни | |
| Място на издаване, разпространение и проч. | София |
| Име на издателя, разпространителя и проч. | Сиела |
| Година на издаване | 2017 |
| Печатница | София : Алианс принт |
| 9 (RLIN) | 219755 |
| Издателство - префикс ISBN | 954-649- |
| 300 ## - Физическа характеристика | |
| Страници | 431 с. |
| Размери/Мащаб | 20 см |
| 380 ## - Жанр | |
| Жанр | Худож. лит. |
| 490 1# - СЕРИИ (Колекции) | |
| Име на серия | Ciela Teen |
| №: серия | 2 |
| 500 ## - Общи забележки | |
| Забележка | Ориг. загл. The Rose and the Dagger / Renee Ahdieh. - Продълж. на романа Гневът и зората. |
| 700 1# - Други автори (авторска отговорност) | |
| Лично име | Димитров, Христо |
| Автороска отговорност (Описва отношението между автора и произведението) | прев. от англ. |
| Друга информация | Георгиев, Христо Димитров |
| 9 (RLIN) | 364142 |
| 852 ## - Местоположение | |
| Форматна сигнатура | Цб 312030 |
| Фондова буква | Основен фонд - ползва се само за читалня |
| 999 ## - СИСТЕМНИ КОНТРОЛНИ НОМЕРА | |
| Koha biblionumber | 204584 |
| Koha biblioitemnumber | 204584 |
| 942 ## - АРТИКУЛИ | |
| Вид на библиотечния материал | Книги |
| Скрит в OPAC | Не |
| Периодичен библиозапис | Да |
| Koha issues (borrowed), all copies | 2 |
| 944 ## - СЪЗДАВАНЕ И РЕДАКЦИЯ на ЗАПИСА | |
| Създаване/Редакция | Създаване |
| Дата на регистрацията/редакция | 2022-04-01 |
| Служител, извършил регистрацията/редакцията | Кети |
| 999 ## - СИСТЕМНИ КОНТРОЛНИ НОМЕРА | |
| Koha biblioitemnumber | 204584 |
| Код за отписване | Код за изгубен артикул | Код за повреда | Коз за рестрикции | Код за отдаване | Артикулен № | Име на библиотеката - собственик | Име на библиотеката, в която се намира в момента | Статус (Текущо местоположение) | Дата на вписване в системата | Местоположение - отдел | Цена в лева | Инвентарен номер | Систематично азбучна сигнатура | Баркод | Номер на екземпляра | Цена в евро | Служебна бележка | Служебен тип на артикула | Източник на класификационната схема |
|---|---|---|---|---|---|---|---|---|---|---|---|---|---|---|---|---|---|---|---|
| Не е изгубен | Не е повреден | без рестрикции | заемане за дома | 352668 | Регионална библиотека "Любен Каравелов" Русе | Регионална библиотека "Любен Каравелов" Русе | Заемна - подръчен фонд | 2017-11-14 | Заемна - подръчен фонд | 12.72 | 120000816625 | П 820(73)-31/А 95 | 120000816625 | 1 | 6.50 | Дост: Pk Вид: Ф N: 1817 Дата: 02.11.2017 Дата инв: 06.03.2018 Бележки инв: П2018 | Книги | ||
| Не е изгубен | Не е повреден | само за читалня | ползва се в читалня | 880632 | Регионална библиотека "Любен Каравелов" Русе | Регионална библиотека "Любен Каравелов" Русе | Хранилище | 2022-04-07 | Основен фонд - ползва се само за читалня | 15.90 | Цб 312030 | 120000870690 | 8.13 | Книги | Universal Decimal Classification |